000 00710nam a2200205 i 4500
001 112690
003 ES-MaACL
005 20230906185609.0
007 t|
008 061121s1966 sp r ||||1| spa d
100 1 _aNieto Lanzos, Abelardo.
_985696
245 1 0 _aDon Quijote, La Mancha y sus castillos /
_cAbelardo Nieto Lanzos.
260 _aMadrid :
_bCompañía Bibliográfica Española,
_c1966.
300 _a134 p. ;
_c20 cm.
600 1 4 _aCervantes Saavedra, Miguel de,
_d1547-1616.
_tDon Quijote de la Mancha
_937612
650 4 _aCastillos-
_zLa Mancha (España, Comarca)
_9168260
710 2 _aCompañía Bibliográfica Española.
_9171207
852 _aES-MaACL
_jC-30732
999 _c112690
_d112690